000 00649nam a2200181 a 4500
008 120416s1993 ||||||||||||||||| || u
020 _a0821324632
050 _aIBRD(06)CS/1993/16
110 _aWorld Bank
245 1 0 _aArgentina: from insolvency to growth
260 _aWashington, D. C.
_bWorld Bank
_c1993
300 _axlviii, 332p. : ill.
350 _a0.00
490 _aWorld Bank Country Study
650 _aARGENTINA--ECONOMIC CONDITIONS--1983
650 _aARGENTINA--ECONOMIC POLICY
995 _D0.00
_FCBU-MAIN LIBRARY (Kitwe)
_H1
_I0.00
_UAVAILABLE
_ZInternational Publications
999 _c34827
_d34827